00278nam a2200121Ia 45000030006000000080041000060400015000471000021000622450035000832600009001185460012001270050017001390STCL150530s9999 xx 000 0 und d aSTCLcSTCL aSrivastava, S.B. aImagery in Eliots, T.S. poetry c1984 aEnglish20220125170830.0